000 00246nam a2200097Ia 4500
008 231107s2003 xx 000 0 und d
041 _aeng
100 _aPeter Stanver
245 _aA Foundation Course in Drawing
260 _aLondon
_bArcturus
_c2003
999 _c925182
_d925182